Zumstein Briefmarken-Katalog

Bibliographic Details
Format: Book
Language:Undetermined
PhysicalDescription:1041 s.
Published: Bern Hersch&Co. 1982

MARC

LEADER 00000nam a2200000 a 4500
001 vtls001324995
003 SK-MaSNL
005 20260223125326.0
008 210928s1982 xx 0 und
035 |a SNK000277739 
040 |a SNK  |b slo  |c SNK  |e AACR2 
245 1 |a Zumstein Briefmarken-Katalog 
260 |a Bern  |b Hersch&Co.  |c 1982 
300 |a 1041 s. 
958 |a OND 
999 |c 545489  |d 547419 
952 |t P60, <04>, [BOOK], {604}  |a SNK  |b SNK  |y VYP  |7 0  |p 17A0129443  |o snkIC 86614/b  |0 0  |1 0  |4 0  |d 1998-03-18  |l 0  |r 2005-01-02 00:00:00  |w 2026-02-23